| 000 | 00421nam a22001337a 4500 | ||
|---|---|---|---|
| 005 | 20160831090810.0 | ||
| 008 | 160831b xxu||||| |||| 00| 0 eng d | ||
| 050 | _aPQ2153.A36 | ||
| 100 |
_aAnicet-Bourgeois, Auguste _925570 |
||
| 245 |
_aLe bossu _bou le petit parisien _cby Anicet-Bourgeois, Auguste and Feval Paul |
||
| 260 |
_aParis _bLibrairie Theatrale _cno date |
||
| 300 |
_a140p.; _c19cm. |
||
| 942 |
_2lcc _cMONOGRAPH |
||
| 999 |
_c125171 _d125171 |
||